| 000 | 01030cam a2200481 4500 | ||
|---|---|---|---|
| 001 | B2861 | ||
| 008 | 090401t1990 xxu||||| |||| 00| 0 eng d | ||
| 035 | _a(Sirsi) u52577 | ||
| 041 | _aeng | ||
| 050 | _a333.337094 | ||
| 110 |
_aRichard Ellis _91875 |
||
| 245 | _aEuropean office report 1990 | ||
| 260 |
_aLondon _bRichard Ellis _c1990 |
||
| 300 | _a44p. : ill. ; 30cm. | ||
| 350 | _a6.5 | ||
| 650 | _aAMSTERDAM | ||
| 650 | _aATHENS | ||
| 650 | _aBARCELONA | ||
| 650 | _aBRUSSELS | ||
| 650 | _aCOPENHAGEN | ||
| 650 | _aEUROPE | ||
| 650 | _aFRANKFURT | ||
| 650 | _aGENEVA | ||
| 650 | _aGLASGOW | ||
| 650 | _aHELSINKI | ||
| 650 | _aISTANBUL | ||
| 650 | _aLISBON | ||
| 650 | _aLONDON | ||
| 650 | _aLUXEMBOURG | ||
| 650 | _aMADRID | ||
| 650 | _aMANCHESTER | ||
| 650 | _aMILAN | ||
| 650 | _aMUNICH | ||
| 650 | _aOFFICES | ||
| 650 | _aOSLO | ||
| 650 | _aPARIS | ||
| 650 | _aROME | ||
| 650 | _aSTOCKHOLM | ||
| 650 | _aVIENNA | ||
| 650 | _aZURICH | ||
| 942 | _n0 | ||
| 948 | _c04/03/1997 | ||
| 999 |
_c93109 _d93109 |
||